| 000 | 00000nam##2200000za#4500 |
| 001 | 9.695542 |
| 003 | CaOODSP |
| 005 | 20230202144025 |
| 007 | cr ||||||||||| |
| 008 | 150407|1994||||xxc|||||o f|0| 0 eng|d |
| 040 | |aCaOODSP|beng |
| 043 | |an-cn--- |
| 086 | 1 |aH72-21/100-1994E-PDF |
| 110 | 2 |aNational Clearinghouse on Family Violence (Canada). |
| 245 | 10|aViolence in Aboriginal communities / |h[electronic resource]|cby Emma D. LaRocque |
| 260 | |bHealth Canada. |cMarch 1994. |
| 300 | |a21p.|breferences |
| 500 | |a"Reprinted from the book 'The Path to Healing' with permission from Royal Commission on Aboriginal Peoples"--p.2 of 21. The catalogue number (H72-21/100-1994-E) and ISBN (0-662-21483-8) for the print edition have been incorrectly copied in this electronic publication. |
| 590 | |a12-08-Supp|b2012-03-16 |
| 690 | 07|aIndigenous peoples|2gcpds |
| 690 | 07|aFamily violence|2gcpds |
| 720 | 1 |aLaRocque, Emma D. |
| 775 | 08|tLa violence au sein des collectivités autochtones / |w(CaOODSP)9.639673 |
| 776 | 0#|tViolence in aboriginal communities / |w(CaOODSP)9.645491 |
| 856 | 40|ahttp://publications.gc.ca|qPDF|s73 KB|uhttps://publications.gc.ca/collections/Collection/H72-21-100-1994E.pdf |